Nové trendy v mezinárodním podnikání

Forma podnikania v zahraničí z hľadiska prínosu a rizík. Nové trendy a spôsoby podnikania v zahraničí . Hlavné problémy pri riadení firmy v hostiteľskej krajine. Ďalšia forma získania firmy v zahraničí. Organizačná štruktúra zahraničnej firmy.

Saved in:
Bibliographic Details
Main Author: Hostaša, Miloslav
Format: Book Chapter
Language:Czech
Subjects:
Tags: Add Tag
No Tags, Be the first to tag this record!

MARC

LEADER 00000naa$a2200000$$$4500
001 0079647
005 20221207083407.6
041 0 |a cze 
044 |a CZ 
245 1 0 |a Nové trendy v mezinárodním podnikání  |c Miloslav Hostaša 
520 |a Forma podnikania v zahraničí z hľadiska prínosu a rizík. Nové trendy a spôsoby podnikania v zahraničí . Hlavné problémy pri riadení firmy v hostiteľskej krajine. Ďalšia forma získania firmy v zahraničí. Organizačná štruktúra zahraničnej firmy. 
610 2 0 |a podnikanie v zahraničí 
610 2 0 |a podnikanie medzinárodné 
610 2 0 |a riadenie podnikové 
610 2 0 |a prostredie podnikateľské 
610 2 0 |a legislatíva 
610 2 0 |a kultúra 
610 2 0 |a jazyky cudzie 
610 2 0 |a kúpa 
610 2 0 |a štruktúra organizačná 
100 1 |a Hostaša, Miloslav